000 00769nam a2200193Ia 4500
003 GCL
008 140319s9999 xx 000 0 ara d
040 _aGCL /
_cGCL
082 0 4 _a214
_bق ج
100 1 _aابن قيم الجوزية: شمس الدين ابو عبدالله محمد بن ابى بكر
245 1 0 _aكتاب الجواب الكافى لمن سال عن الدواء الشافى /
_cابن قيم الجوزية: شمس الدين ابو عبدالله محمد بن ابى بكر
260 _aالقاهرة :
_bمكتبة المتنبى
300 _a188 ص ؛
_c24 سم
490 _a
650 0 4 _aالطب النبوى
650 0 4 _aالثقافة الاسلامية
650 0 4 _aالشريعة الاسلامية
942 _2ddc
_cBK
999 _c53874
_d53874